000 00276nam a2200121 a 4500
008 100923s1970|||| d
245 1 0 _aKonopný kríž
100 1 _aFerko, Vladimír
260 _bSmena
_aBratislava
_c1970
020 _c10
044 _axo
_cSK
041 _aslo
999 _c10644
_d10644